technology gender,&power in africa (Record no. 15771)

MARC details
000 -LEADER
fixed length control field 00415nam a22001817a 4500
003 - CONTROL NUMBER IDENTIFIER
control field OSt
005 - DATE AND TIME OF LATEST TRANSACTION
control field 20211029095924.0
008 - FIXED-LENGTH DATA ELEMENTS--GENERAL INFORMATION
fixed length control field 211029b |||||||| |||| 00| 0 eng d
020 ## - INTERNATIONAL STANDARD BOOK NUMBER
International Standard Book Number 0889365385
040 ## - CATALOGING SOURCE
Transcribing agency hu
082 ## - DEWEY DECIMAL CLASSIFICATION NUMBER
Classification number 305.43096
100 ## - MAIN ENTRY--PERSONAL NAME
Personal name patricia stamp
9 (RLIN) 16245
245 ## - TITLE STATEMENT
Title technology gender,&power in africa
250 ## - EDITION STATEMENT
Edition statement 2nd
260 ## - PUBLICATION, DISTRIBUTION, ETC.
Place of publication, distribution, etc. america
Name of publisher, distributor, etc. idrc
300 ## - PHYSICAL DESCRIPTION
Extent 184p
942 ## - ADDED ENTRY ELEMENTS (KOHA)
Source of classification or shelving scheme Dewey Decimal Classification
Koha item type Books like text book referance book
Suppress in OPAC No
Holdings
Withdrawn status Lost status Source of classification or shelving scheme Damaged status Not for loan Home library Current library Shelving location Date acquired Total Checkouts Full call number Barcode Date last seen Copy number Price effective from Koha item type
    Dewey Decimal Classification     Social Library Social Library General Stacks 10/29/2021   305.43096/pat SHLIB000002272 10/29/2021 1 10/29/2021 Books like text book referance book